Pays qui possédaient Gaza à travers l'histoire - Statistiques

Statistiques générales
  • Ce quiz a été pris 132 fois
  • Le résultat moyen est 9 sur 28
Statistiques - réponses
Période Pays % Correct
1967 - 1988/2005, 2014, 2023-2024 Israël
96%
1516 - 1917 Empire Ottoman
86%
1988/2005 - Aujourd'hui État de Palestine (Bande de Gaza)
86%
1948 - 1967 Égypte
80%
-601 -/- 598 XXVIe Dynastie Égyptienne
80%
1799 Empire Français
77%
- 29 - 395 Empire Romain
64%
1923 - 1948 Mandat britannique sur la Palestine
42%
395 - 637 Empire Byzantin
36%
750 - 909 Califat Abbasside
27%
661 - 750 Califat Omeyyade
25%
- 145 -/- 63 Royaume de Judée
18%
1260 - 1516 Sultanat Mamelouk d'Égypte
18%
- 604 -/- 601 Empire Néo-babylonien
16%
-598 -/- 525 Empire Néo-babylonien
16%
1148 - 1187 Royaume Franc de Jérusalem
16%
- 332 -/- 314 Royaume de Macédoine
13%
909 - 1073 Califat Fatimide
12%
1099 - 1148 Califat Fatimide
12%
- 734 -/- 604 Empire Assyrien
12%
- 67 -/- 29 République Romaine
11%
-525 -/- 332 Empire Perse Achéménide
10%
-314 -/- 198 Royaume Lagide (Ptolémée)
9%
637 - 661 Califat Rachidun
8%
-198 -/- 145 Empire Seleucide
8%
-1190 -/- 734 États Philistins
6%
1187 - 1260 Sultanat Ayyubides
6%
1073 - 1099 Empire Seldjoukides
5%
Aucun quiz correspondant
Distribution des résultats
% des personnes avec chaque résultat
Percentile par nombre de réponses
Votre historique - résultats
Vous n’avez pas pris ce quiz